| 000 | 00619nam a2200217Ia 4500 | ||
|---|---|---|---|
| 003 | OSt | ||
| 005 | 20231024152800.0 | ||
| 008 | 151021s9999 xx 000 0 und d | ||
| 020 | _a3073694 | ||
| 040 |
_aMMU _beng _cMMU _dMMU |
||
| 050 | _aQD415 .G294 2002 | ||
| 100 | _aH.Garrett , Reginald | ||
| 245 |
_aPrinciples of Biochemistry with a human focus / _c Reginald H.Garrett |
||
| 260 | _aSingapore Thomson Learning 2002 | ||
| 300 |
_axiii,893p. : _bill , ; |
||
| 500 | _aIncludes Index. | ||
| 500 | _aIncludes Index. | ||
| 650 | _aBiochemistry | ||
| 700 | _aCharles M.Grishan | ||
| 942 |
_2lcc _cLOAN LOAN |
||
| 999 |
_c14038 _d14038 |
||